[Event "39th TCh-GRE"]
[Site "Eretria GRE"]
[Date "2011.07.04"]
[Round "2.2"]
[White "Fragaki, Maria"]
[Black "Spirou, Marina"]
[Result "1-0"]
[WhiteElo "1927"]
[BlackElo "1897"]
[WhiteTeam "AO Kydon Chania"]
[BlackTeam "SS Peristeri"]
[WhiteFideId "4221087"]
[BlackFideId "4216989"]
[EventDate "2011.07.03"]

1. e4 c5 2. Nf3 e6 3. d4 cxd4 4. Nxd4 a6 5. Bd3 Bc5 6. Nb3 Be7 7. O-O d6 8. c4
Nf6 9. Nc3 b6 10. f4 Nbd7 11. Qe2 Qc7 12. Bd2 O-O 13. Rae1 g6 14. Rf3 Bb7 15.
Rh3 Ne8 16. Qg4 Ng7 17. Rh6 Rfd8 18. Qh3 Nf8 19. f5 Bf6 20. g4 Qe7 21. Qe3 gxf5
22. exf5 Be5 23. Qf2 exf5 24. gxf5 Ne8 25. f6 Nxf6 26. Bg5 Ng6 27. Rxe5 dxe5 28.
Bxf6 Qe6 29. Bxd8 Rxd8 30. Be2 Kg7 31. Rh5 Nf4 32. Rg5+ Kh8 33. Rg3 f5 34. Bf3
e4 35. Bxe4 Bxe4 36. Qxf4 Bb7 37. Qe3 Qd6 38. Nd5 1-0

[Event "39th TCh-GRE"]
[Site "Eretria GRE"]
[Date "2011.07.04"]
[Round "2.2"]
[White "Fragkou, Eleni"]
[Black "Hnara, Maria-Danai"]
[Result "1-0"]
[WhiteElo "1864"]
[BlackElo "1645"]
[WhiteTeam "SS Peristeri"]
[BlackTeam "AO Kydon Chania"]
[WhiteFideId "4221150"]
[BlackFideId "4221419"]
[EventDate "2011.07.03"]

1. e4 d6 2. d4 Nf6 3. Nc3 g6 4. Be3 Bg7 5. Qd2 Nbd7 6. h3 c6 7. f4 O-O 8. e5 Ne8
9. Nf3 b5 10. Bd3 a5 11. Ne4 Nb6 12. Qf2 Nc7 13. c3 Nc4 14. Bc1 a4 15. O-O Nd5
16. Qe2 Qc7 17. Nfd2 Ncb6 18. h4 h5 19. Ng5 Bg4 20. Qe1 Qd7 21. Nde4 f5 22. Nf2
dxe5 23. fxe5 e6 24. Nxg4 hxg4 25. Qg3 Qe7 26. Bd2 Bh6 27. Rf2 Bxg5 28. Bxg5 Qh7
29. Raf1 Rf7 30. Re2 Raf8 31. Bc2 Nc4 32. b3 axb3 33. axb3 Na3 34. Bd1 b4 35.
cxb4 Nxb4 36. Qc3 Rb8 37. Ref2 Nb5 38. Qxb4 Rfb7 39. Qc4 Qd7 40. Rf4 Nc7 41. Qc1
Nd5 42. R4f2 Nb4 43. Qd2 Ra8 44. Bf6 Nd5 45. Qg5 Qf7 46. h5 Kh7 47. hxg6+ Qxg6
48. Bc2 Nxf6 49. Qxf6 Qxf6 50. exf6 Rb4 51. Rf4 Kg6 52. Rxg4+ Kxf6 53. Rgf4 Kg5
54. g3 Ra2 55. R1f2 Rb5 56. Kg2 c5 57. d5 exd5 58. Rxf5+ Kg6 59. Rxd5+ 1-0

[Event "39th TCh-GRE"]
[Site "Eretria GRE"]
[Date "2011.07.04"]
[Round "2.2"]
[White "Kazakos, Emmanouil"]
[Black "Tzouganakis, Panteleimon"]
[Result "1/2-1/2"]
[WhiteElo "2105"]
[BlackElo "2086"]
[WhiteTeam "AO Kydon Chania"]
[BlackTeam "SS Peristeri"]
[WhiteFideId "4216555"]
[BlackFideId "4215826"]
[EventDate "2011.07.03"]

1. e4 c5 2. Nf3 e6 3. d4 cxd4 4. Nxd4 Nf6 5. Nc3 d6 6. Be3 a6 7. f3 b5 8. Qd2
Nbd7 9. g4 h6 10. O-O-O b4 11. Nce2 Qc7 12. Ng3 Bb7 13. Bd3 d5 14. exd5 Nxd5 15.
Rhe1 Nxe3 16. Qxe3 O-O-O 17. Be4 Nc5 18. Bxb7+ Qxb7 19. Nb3 Rxd1+ 20. Rxd1 Nxb3+
21. axb3 Be7 22. Ne4 Qc7 23. Qd3 Kb7 24. Nd6+ Bxd6 25. Qxd6 a5 26. c4 bxc3 27.
Qxc7+ Kxc7 28. bxc3 h5 29. g5 Rb8 30. Kc2 Rb5 31. f4 Rf5 32. Rd4 e5 33. fxe5
Rxg5 34. Rf4 Rxe5 35. Rxf7+ Kb6 36. Rxg7 Re2+ 37. Kd3 Rxh2 38. Rg6+ Kb5 39. Rg5+
Kb6 40. Kc4 1/2-1/2

[Event "39th TCh-GRE"]
[Site "Eretria GRE"]
[Date "2011.07.04"]
[Round "2.2"]
[White "Ioannidis, Evgenios"]
[Black "Ontabasidis, Aristidis"]
[Result "1-0"]
[WhiteElo "1838"]
[BlackElo "1513"]
[WhiteTeam "SS Peristeri"]
[BlackTeam "AO Kydon Chania"]
[WhiteFideId "4229274"]
[BlackFideId "4248872"]
[EventDate "2011.07.03"]

1. d4 d5 2. c4 e6 3. Nc3 Nf6 4. cxd5 exd5 5. Bg5 c6 6. e3 Bf5 7. Qf3 Bg6 8. Bxf6
Qxf6 9. Qxf6 gxf6 10. Nf3 Bd6 11. Nh4 Nd7 12. g3 O-O-O 13. f3 Rde8 14. Kf2 Re7
15. Bh3 Rhe8 16. Rhe1 Kd8 17. a3 Nb6 18. Bf1 Nc8 19. b4 b6 20. b5 Rc7 21. bxc6
Rxc6 22. Nxd5 Bf8 23. Bb5 Rc2+ 24. Re2 Rxe2+ 25. Kxe2 Re6 26. Nxg6 fxg6 27. Nf4
Re7 28. d5 Nd6 29. Bd3 Bh6 30. Ne6+ Ke8 31. Rc1 f5 32. Rc6 Nb7 33. f4 Nd8 34.
Rc8 1-0

[Event "39th TCh-GRE"]
[Site "Eretria GRE"]
[Date "2011.07.04"]
[Round "2.3"]
[White "Papaioannou, Ioannis"]
[Black "Nielsen, Peter Heine"]
[Result "1/2-1/2"]
[WhiteTitle "GM"]
[BlackTitle "GM"]
[WhiteElo "2592"]
[BlackElo "2681"]
[WhiteTeam "CC Kavala"]
[BlackTeam "AEK"]
[WhiteFideId "4201345"]
[BlackFideId "1400355"]
[EventDate "2011.07.03"]

1. d4 Nf6 2. Nf3 d5 3. c4 e6 4. g3 Bb4+ 5. Nbd2 dxc4 6. Bg2 b5 7. O-O O-O 8. a4
c6 9. Ne1 Nd5 10. Nc2 Bxd2 11. Bxd2 Bb7 12. e4 Ne7 13. Qe1 Nd7 14. Ba5 Qc8 15.
Qe3 a6 16. Rad1 Re8 17. Na3 c5 18. axb5 axb5 19. Nxb5 Rxa5 20. Nd6 Qb8 21. Nxe8
Qxe8 22. d5 Ra6 23. f4 exd5 24. exd5 Qd8 25. Rfe1 Nf5 26. Qe8+ Qxe8 27. Rxe8+
Nf8 28. d6 Rxd6 29. Ra1 Ra6 30. Rxa6 Bxa6 31. Re5 1/2-1/2

[Event "39th TCh-GRE"]
[Site "Eretria GRE"]
[Date "2011.07.04"]
[Round "2.3"]
[White "Kalesis, Nikolaos"]
[Black "Antic, Dejan"]
[Result "1/2-1/2"]
[WhiteTitle "IM"]
[BlackTitle "GM"]
[WhiteElo "2480"]
[BlackElo "2487"]
[WhiteTeam "AEK"]
[BlackTeam "CC Kavala"]
[WhiteFideId "4200438"]
[BlackFideId "901008"]
[EventDate "2011.07.03"]

1. d4 e6 2. c4 Bb4+ 3. Nd2 Nf6 4. e3 O-O 5. Bd3 d5 6. Nf3 b6 7. O-O Bb7 8. a3
Be7 9. b4 c5 10. bxc5 bxc5 11. Rb1 Qc7 12. cxd5 exd5 13. dxc5 Nbd7 14. Nb3 Ne4
15. Qc2 Rfc8 16. Bb2 Ndxc5 17. Nxc5 Bxc5 18. Rfc1 Qe7 19. Bxe4 dxe4 20. Qc3 f6
21. Nd4 Bxd4 22. Qb3+ Qf7 23. Qxf7+ Kxf7 24. Bxd4 Bd5 25. Rxc8 Rxc8 26. Bxa7 Rc2
27. g4 Kg6 28. Kg2 Be6 29. Kg3 h5 30. gxh5+ Kxh5 31. Bd4 Kg6 32. h4 Ra2 33. Ra1
Kf5 34. a4 Rxa1 35. Bxa1 Bc4 36. a5 Ba6 37. Bd4 Bb7 38. Bc5 g6 39. Bd4 Ba6 40.
Bb6 Be2 41. Bd4 Ke6 42. Kf4 Bd3 43. f3 g5+ 44. hxg5 fxg5+ 45. Kg3 exf3 46. Kxf3
Kd5 1/2-1/2

[Event "39th TCh-GRE"]
[Site "Eretria GRE"]
[Date "2011.07.04"]
[Round "2.3"]
[White "Skembris, Spyridon"]
[Black "Moutousis, Konstantinos"]
[Result "1/2-1/2"]
[WhiteTitle "GM"]
[BlackTitle "IM"]
[WhiteElo "2475"]
[BlackElo "2431"]
[WhiteTeam "CC Kavala"]
[BlackTeam "AEK"]
[WhiteFideId "4200020"]
[BlackFideId "4200071"]
[EventDate "2011.07.03"]

1. d4 Nf6 2. c4 e6 3. Nf3 b6 4. g3 Ba6 5. Qa4 Bb7 6. Bg2 c5 7. dxc5 Bxc5 8. Nc3
Be7 9. O-O Na6 10. Be3 Nc5 11. Bxc5 Bxc5 12. Rad1 a6 13. Ng5 Bxg2 14. Kxg2 Qc7
15. Nge4 Be7 16. Nxf6+ Bxf6 17. Ne4 Be7 18. Nc3 Ra7 19. Rd3 O-O 20. Rfd1 d6 21.
Kg1 h6 22. a3 Rc8 23. Rd4 Qb8 24. Qb3 Rb7 25. a4 Rc6 26. Na2 Rc8 27. Nc3 Rbc7
28. Ne4 Rc6 29. Qd3 Qc7 30. Nxd6 Bxd6 31. Rxd6 Rxd6 32. Qxd6 Qxc4 33. Qxb6 Qxa4
34. Rd8+ Rxd8 35. Qxd8+ 1/2-1/2

[Event "39th TCh-GRE"]
[Site "Eretria GRE"]
[Date "2011.07.04"]
[Round "2.3"]
[White "Cmilyte, Viktorija"]
[Black "Botsari, Anna-Maria"]
[Result "1-0"]
[WhiteTitle "GM"]
[BlackTitle "WGM"]
[WhiteElo "2528"]
[BlackElo "2326"]
[WhiteTeam "AEK"]
[BlackTeam "CC Kavala"]
[WhiteFideId "12801259"]
[BlackFideId "4200446"]
[EventDate "2011.07.03"]

1. d4 Nf6 2. c4 e6 3. Nf3 b6 4. a3 Ba6 5. Qc2 Bb7 6. Nc3 c5 7. e4 cxd4 8. Nxd4
Bc5 9. Nb3 Nc6 10. Bg5 Nd4 11. Nxd4 Bxd4 12. Bd3 Qb8 13. Ne2 Bc5 14. Qc3 Be7 15.
e5 Ne4 16. Bxe4 Bxg5 17. Qg3 Bxe4 18. Qxg5 O-O 19. Rd1 Qb7 20. f3 Bc6 21. Rd6 f6
22. exf6 Rxf6 23. O-O b5 24. c5 Rf5 25. Qe3 b4 26. Nd4 Rxc5 27. Nxe6 Rd5 28.
Rxd5 Bxd5 29. Nc5 Qb5 30. Qd4 Be6 31. axb4 Rb8 32. Rc1 h6 33. Nxe6 dxe6 34. Rc7
Qg5 35. g3 e5 36. Qc3 Rd8 37. Rc8 Rxc8 38. Qxc8+ Kh7 39. Qc5 Qf5 40. Kg2 a6 41.
Qc6 Kg8 42. Qa8+ Kf7 43. Qe4 Qe6 44. b5 axb5 45. Qb7+ Kf8 46. Qxb5 Qd6 47. b4
Qd2+ 48. Kh3 Qe1 49. Qc4 Qd1 50. Qe4 Qf1+ 51. Kg4 Qg2 52. Qxe5 Qxh2 53. b5 Qf2
54. Qd6+ Kf7 55. b6 h5+ 56. Kg5 Qb2 57. Kxh5 1-0

[Event "39th TCh-GRE"]
[Site "Eretria GRE"]
[Date "2011.07.04"]
[Round "2.3"]
[White "Vatkali, Dimitra"]
[Black "Pahaki, Hristina-Despoina"]
[Result "1-0"]
[WhiteElo "1929"]
[BlackElo "1646"]
[WhiteTeam "CC Kavala"]
[BlackTeam "AEK"]
[WhiteFideId "4200705"]
[BlackFideId "4238621"]
[EventDate "2011.07.03"]

1. d4 Nf6 2. c4 c5 3. d5 b5 4. Nd2 bxc4 5. e4 Qa5 6. Qc2 g6 7. Bxc4 d6 8. b3 Bg7
9. Bb2 O-O 10. Bc3 Qc7 11. Ne2 Nbd7 12. O-O a5 13. h3 Nb6 14. a4 Nxc4 15. bxc4
Bd7 16. Nb1 Ne8 17. Bxg7 Nxg7 18. Nbc3 f5 19. Nb5 Qc8 20. f3 f4 21. Kh2 g5 22.
Rh1 h5 23. Qd2 Rf6 24. Ra3 Qf8 25. Kg1 g4 26. hxg4 hxg4 27. Kf2 Qf7 28. Rh4 gxf3
29. gxf3 Nh5 30. Ra1 Ng3 31. Rg1 Rg6 32. Rxf4 1-0

[Event "39th TCh-GRE"]
[Site "Eretria GRE"]
[Date "2011.07.04"]
[Round "2.3"]
[White "Pavlidis, Antonios"]
[Black "Kosmas-Lekkas, Dimitiros"]
[Result "1-0"]
[WhiteTitle "IM"]
[WhiteElo "2420"]
[BlackElo "2193"]
[WhiteTeam "CC Kavala"]
[BlackTeam "AEK"]
[WhiteFideId "4212312"]
[BlackFideId "4211936"]
[EventDate "2011.07.03"]

1. e4 c5 2. Nf3 Nc6 3. d4 cxd4 4. Nxd4 Nf6 5. Nc3 e5 6. Ndb5 d6 7. Bg5 a6 8. Na3
b5 9. Nd5 Be7 10. Bxf6 Bxf6 11. c3 O-O 12. Nc2 Bg5 13. a4 bxa4 14. Rxa4 a5 15.
Bc4 Rb8 16. b3 Kh8 17. Nce3 g6 18. h4 Bxh4 19. g3 Bg5 20. f4 exf4 21. gxf4 Bh4+
22. Kd2 Re8 23. Kd3 Kg8 24. Ra2 Ne7 25. Rah2 Nxd5 26. Nxd5 Bf6 27. Rxh7 Bg7 28.
Qg1 Be6 29. Qh2 f5 30. Rxg7+ Kxg7 31. Qh7+ Kf8 32. Qh8+ Bg8 33. Qxg8+ Kxg8 34.
Nf6+ 1-0

[Event "39th TCh-GRE"]
[Site "Eretria GRE"]
[Date "2011.07.04"]
[Round "2.4"]
[White "Rapport, Richard"]
[Black "Kryvoruchko, Yuriy"]
[Result "1/2-1/2"]
[WhiteTitle "GM"]
[BlackTitle "GM"]
[WhiteElo "2545"]
[BlackElo "2652"]
[WhiteTeam "Panionios G.S.S. 2210"]
[BlackTeam "Chania Chess Academy"]
[WhiteFideId "738590"]
[BlackFideId "14109182"]
[EventDate "2011.07.03"]

1. d4 Nf6 2. c4 e6 3. Nf3 b6 4. Bf4 Bb7 5. e3 Be7 6. h3 c5 7. dxc5 bxc5 8. Nc3
d6 9. Be2 O-O 10. O-O Nc6 11. a3 Qb6 12. Qc2 Rfd8 13. Rfd1 Rd7 14. Rab1 h6 15.
Qa4 a5 16. Rd2 Rad8 17. Rbd1 Na7 18. Qc2 Nc6 19. Bg3 Nh5 20. Bh2 Nf6 21. Bg3 Ba8
22. Na4 Qa7 23. Nc3 Qb6 24. Na4 Qa7 25. Nc3 1/2-1/2

[Event "39th TCh-GRE"]
[Site "Eretria GRE"]
[Date "2011.07.04"]
[Round "2.4"]
[White "Kalaitzoglou, Panayotis"]
[Black "Prohaszka, Peter2"]
[Result "0-1"]
[BlackTitle "GM"]
[WhiteElo "2197"]
[BlackElo "2547"]
[WhiteTeam "Chania Chess Academy"]
[BlackTeam "Panionios G.S.S. 2210"]
[WhiteFideId "4202422"]
[BlackFideId "726265"]
[EventDate "2011.07.03"]

1. e4 c6 2. d4 d5 3. Nc3 dxe4 4. Nxe4 Bf5 5. Ng3 Bg6 6. h4 h6 7. Nf3 e6 8. Ne5
Bh7 9. Be3 Nd7 10. f4 Ngf6 11. Bd3 Bxd3 12. Qxd3 Be7 13. O-O-O O-O 14. Ne4 Nxe4
15. Qxe4 Nf6 16. Qd3 Nd5 17. g4 Nb4 18. Qb3 a5 19. a3 a4 20. Qc4 Nd5 21. Qd3 c5
22. dxc5 Qc7 23. g5 h5 24. g6 fxg6 25. Nxg6 Rf6 26. Rhg1 Nxe3 27. Nxe7+ Qxe7 28.
Qxe3 Raf8 29. Rg5 Rxf4 30. Rxh5 Rf1 31. Qd3 Rxd1+ 32. Qxd1 Rf4 0-1

[Event "39th TCh-GRE"]
[Site "Eretria GRE"]
[Date "2011.07.04"]
[Round "2.4"]
[White "Kofidis, Andreas"]
[Black "Naoum, Spyridon"]
[Result "0-1"]
[WhiteTitle "IM"]
[WhiteElo "2415"]
[BlackElo "1999"]
[WhiteTeam "Panionios G.S.S. 2210"]
[BlackTeam "Chania Chess Academy"]
[WhiteFideId "4200217"]
[BlackFideId "4227506"]
[EventDate "2011.07.03"]

1. e4 c5 2. Nf3 e6 3. d4 cxd4 4. Nxd4 a6 5. Nc3 Qc7 6. Bd3 Bc5 7. Nf3 b5 8. O-O
Bb7 9. Qe2 d6 10. Bf4 Nd7 11. e5 d5 12. a4 b4 13. Nb1 Ne7 14. Nbd2 h6 15. Nb3
Ba7 16. Rfe1 Nc6 17. Bg3 Nc5 18. Nxc5 Bxc5 19. Rad1 g5 20. Kh1 Qb6 21. h3 Nd4
22. Nxd4 Bxd4 23. Rb1 Bc5 24. f4 gxf4 25. Bxf4 O-O-O 26. Rf1 Rdg8 27. Kh2 Rg7
28. g3 Rhg8 29. Rbe1 h5 30. a5 Qc6 31. Qxh5 Ba7 32. Qe2 Kb8 33. g4 Rh8 34. Bg3
Qc8 35. Rf4 d4 36. Ref1 Qg8 37. Be4 Bxe4 38. Qxe4 Rgh7 39. Kg2 Rxh3 40. Rxf7 Qc8
41. Rg7 d3 42. Qxb4+ Ka8 43. Qe4+ Kb8 44. Qxd3 Qc6+ 45. Qf3 Qxc2+ 46. Rf2 Rxg3+
47. Kxg3 Bxf2+ 48. Qxf2 Rh3+ 49. Kxh3 Qxf2 50. g5 Qxb2 51. Kg4 Qxe5 52. Rf7 Qe2+
53. Kh4 Qh2+ 54. Kg4 Kc8 55. Re7 Qe2+ 56. Kh4 Kd8 57. Rf7 Ke8 58. g6 Qe5 59. Kg4
Qxa5 60. Kh4 Qe5 61. Kg4 a5 0-1

[Event "39th TCh-GRE"]
[Site "Eretria GRE"]
[Date "2011.07.04"]
[Round "2.4"]
[White "Videnova, Iva"]
[Black "Stoumbou, Eleni"]
[Result "1/2-1/2"]
[WhiteTitle "WGM"]
[WhiteElo "2353"]
[BlackElo "1873"]
[WhiteTeam "Chania Chess Academy"]
[BlackTeam "Panionios G.S.S. 2210"]
[WhiteFideId "2907763"]
[BlackFideId "4210174"]
[EventDate "2011.07.03"]

1. e4 c6 2. d4 d5 3. Nc3 dxe4 4. Nxe4 Nf6 5. Nxf6+ gxf6 6. c3 Nd7 7. g3 Nb6 8.
Bg2 h5 9. h4 Bg4 10. Nf3 Qd7 11. O-O Bh3 12. Bxh3 Qxh3 13. a4 Rg8 14. a5 Nd5 15.
c4 e6 16. Nh2 Bd6 17. Kh1 Ne7 18. Rg1 Nf5 19. a6 b6 20. Qf3 Rc8 21. Bd2 Bxg3 22.
fxg3 Nxg3+ 23. Rxg3 Rxg3 24. Qf2 Qxh4 25. Bf4 Rh3 26. Qxh4 Rxh4 27. Rf1 Ke7 28.
Rf3 Rg8 29. b4 e5 30. dxe5 fxe5 31. Bxe5 Rxc4 32. Bc3 1/2-1/2

[Event "39th TCh-GRE"]
[Site "Eretria GRE"]
[Date "2011.07.04"]
[Round "2.4"]
[White "Terzidaki, Alexandra"]
[Black "Tsarouha, Marianthi"]
[Result "0-1"]
[WhiteElo "1938"]
[BlackElo "1799"]
[WhiteTeam "Panionios G.S.S. 2210"]
[BlackTeam "Chania Chess Academy"]
[WhiteFideId "4227476"]
[BlackFideId "4223322"]
[EventDate "2011.07.03"]

1. e4 c5 2. Nf3 e6 3. d4 cxd4 4. Nxd4 a6 5. Bd3 Qb6 6. Nb3 Qc7 7. O-O Nf6 8. f4
d6 9. c4 Nc6 10. Nc3 Be7 11. Be3 O-O 12. Qf3 Bd7 13. Rae1 Rac8 14. c5 Nb4 15.
cxd6 Bxd6 16. Bb1 e5 17. f5 a5 18. Bg5 Qb6+ 19. Kh1 Be7 20. a3 Na6 21. Bxf6 Bxf6
22. Nd5 Qd8 23. Nxf6+ Qxf6 24. Nxa5 Bb5 25. Rf2 b6 26. Nb3 Rfd8 27. Rd2 Rxd2 28.
Nxd2 Qg5 29. Qf2 Nc5 30. Nf3 Qf6 31. Qg3 Bd3 32. Nd2 Rd8 33. b4 Bxb1 34. Nxb1
Nd3 35. Rf1 Nf4 36. h3 Rd3 37. Qf2 Qg5 38. Kh2 h5 39. Re1 h4 40. Rg1 Kh7 41. a4
Rg3 42. Nd2 Nd3 43. Qe2 Qf4 44. Rf1 Rxh3+ 45. Kxh3 Qg3# 0-1

[Event "39th TCh-GRE"]
[Site "Eretria GRE"]
[Date "2011.07.04"]
[Round "2.4"]
[White "Agnanti, Danai"]
[Black "Poulopoulou, Ekaterini"]
[Result "1-0"]
[WhiteElo "1741"]
[BlackElo "1450"]
[WhiteTeam "Chania Chess Academy"]
[BlackTeam "Panionios G.S.S. 2210"]
[WhiteFideId "4231147"]
[BlackFideId "4244206"]
[EventDate "2011.07.03"]

1. e4 c6 2. d4 d5 3. Nc3 dxe4 4. Nxe4 Nd7 5. Ng5 Ngf6 6. Bc4 e6 7. N1f3 Be7 8.
O-O Nb6 9. Bb3 h6 10. Nh3 O-O 11. Ne5 Qc7 12. Re1 c5 13. dxc5 Bxc5 14. Qe2 Re8
15. c4 Bd7 16. Bf4 Bd6 17. Rad1 Bxe5 18. Bxe5 Qd8 19. Qf3 Rc8 20. Qxb7 Ng4 21.
Bg3 Ra8 22. Bc7 Qc8 23. Qxc8 Raxc8 24. Bxb6 axb6 25. Rxd7 Red8 26. Rxd8+ Rxd8
27. Rd1 Rc8 28. f3 Ne3 29. Rd6 Nxc4 30. Bxc4 Rxc4 31. Rxb6 Rc1+ 32. Kf2 Kf8 33.
Rb7 Ke8 34. Nf4 Rc5 35. Nd3 Rd5 36. Ke3 1-0

[Event "39th TCh-GRE"]
[Site "Eretria GRE"]
[Date "2011.07.04"]
[Round "2.4"]
[White "Tsokopoulos, Dedalos"]
[Black "Papadogiannis, Sevastianos"]
[Result "0-1"]
[WhiteElo "1992"]
[BlackElo "1995"]
[WhiteTeam "Panionios G.S.S. 2210"]
[BlackTeam "Chania Chess Academy"]
[WhiteFideId "4211944"]
[BlackFideId "4239369"]
[EventDate "2011.07.03"]

1. e4 c5 2. b3 e6 3. Bb2 Nc6 4. Bb5 Nd4 5. Bd3 Nf6 6. c3 Nc6 7. f4 b6 8. Nf3 Qc7
9. e5 Nd5 10. g3 f5 11. Na3 Bb7 12. Qe2 Be7 13. Ba6 Bxa6 14. Qxa6 Qc8 15. Qe2
O-O 16. Nc4 a5 17. Ne3 a4 18. Nxd5 exd5 19. Qd3 d4 20. cxd4 cxd4 21. Qc4+ Kh8
22. Nxd4 Nxd4 23. Bxd4 axb3 24. Qxb3 Bc5 25. Qb2 Ra4 26. Be3 Rb4 27. Qc1 Bxe3
28. dxe3 Rc4 29. Qd2 Qc6 30. Rf1 Rc2 31. Qd3 Rc8 32. Rd1 Qg2 33. Rd2 Rc1+ 34.
Rd1 R1c2 35. Rd2 Rc1+ 36. Rd1 Qxh2 37. Qxd7 Qxg3+ 38. Ke2 R1c2+ 39. Rd2 Rxd2+
40. Qxd2 Qg4+ 41. Kf2 Qh4+ 42. Ke2 Qg4+ 43. Kf2 Qh4+ 44. Ke2 Qh2+ 45. Rf2 Qh5+
46. Ke1 Qh1+ 47. Ke2 h6 48. Qd3 Rc1 49. e6 Re1+ 50. Kd2 Rd1+ 51. Kc3 Qc6+ 0-1

[Event "39th TCh-GRE"]
[Site "Eretria GRE"]
[Date "2011.07.04"]
[Round "2.4"]
[White "Papadopoulos, Argirios"]
[Black "Alexiou-Karakasidis, Stavros"]
[Result "1-0"]
[WhiteElo "1745"]
[BlackElo "1422"]
[WhiteTeam "Chania Chess Academy"]
[BlackTeam "Panionios G.S.S. 2210"]
[WhiteFideId "4241509"]
[BlackFideId "4255046"]
[EventDate "2011.07.03"]

1. e4 c5 2. Nf3 Nc6 3. d4 cxd4 4. Nxd4 e6 5. Nc3 a6 6. Nxc6 bxc6 7. Bd3 Qc7 8.
O-O Nf6 9. Qe2 d6 10. f4 Be7 11. Kh1 O-O 12. Rf3 Re8 13. e5 dxe5 14. fxe5 Nd5
15. Bxh7+ Kxh7 16. Rh3+ Kg8 17. Qh5 f6 18. Qxe8+ Bf8 19. exf6 Nxf6 20. Qg6 e5
21. Rf3 Qf7 22. Qxf7+ Kxf7 23. Be3 Bg4 24. Rf2 Ke6 25. Re1 Rb8 26. Bd4 Bd6 27.
Ne4 Nxe4 28. Rxe4 Bf5 29. Re1 g6 30. Bxe5 Bxe5 31. Rfe2 Rxb2 32. Rxe5+ Kd6 33.
Ra5 Rxc2 34. Rxa6 Be6 35. a4 Bd5 36. Rg1 Ra2 37. a5 Kc5 38. h3 Kb5 39. Ra8 Kc5
40. Kh2 Kb5 41. h4 Ra4 42. Kh3 Be6+ 43. g4 Ra3+ 44. Rg3 Rxa5 45. Rxa5+ Kxa5 46.
Re3 Bd5 47. h5 gxh5 48. gxh5 Bg8 49. h6 c5 50. Re7 c4 51. Rg7 Be6+ 52. Kh4 c3
53. h7 c2 54. Rg1 1-0

[Event "39th TCh-GRE"]
[Site "Eretria GRE"]
[Date "2011.07.04"]
[Round "2.5"]
[White "Ragger, Markus"]
[Black "Balogh, Csaba"]
[Result "1/2-1/2"]
[WhiteTitle "GM"]
[BlackTitle "GM"]
[WhiteElo "2651"]
[BlackElo "2643"]
[WhiteTeam "HRC Korydallos"]
[BlackTeam "F.O. New Irakleion Attica 2173"]
[WhiteFideId "1610856"]
[BlackFideId "718939"]
[EventDate "2011.07.03"]

1. d4 d5 2. c4 c6 3. Nf3 Nf6 4. Nc3 dxc4 5. a4 Bf5 6. Ne5 Nbd7 7. Nxc4 Qc7 8. g3
e5 9. dxe5 Nxe5 10. Bf4 Nfd7 11. Bg2 g5 12. Bxe5 Nxe5 13. Qd4 f6 14. Ne3 Bg6 15.
a5 a6 16. O-O Qd6 17. Qa4 Qb4 18. Qa2 Bf7 19. Qb1 Bg6 20. Qa2 Bf7 21. Qb1 Bg6
22. Qc1 O-O-O 23. Ra4 Qb3 24. f4 gxf4 25. gxf4 Nd7 26. Kh1 Kb8 27. f5 Be8 28.
Nc4 Ne5 29. Qf4 Rg8 30. Nxe5 fxe5 31. Qxe5+ Bd6 32. Qf6 Bc7 33. Rd4 Rxd4 34.
Qxd4 Bf7 35. Ne4 Bd5 36. f6 1/2-1/2

[Event "39th TCh-GRE"]
[Site "Eretria GRE"]
[Date "2011.07.04"]
[Round "2.5"]
[White "Tsiamis, Konstantinos"]
[Black "Papadopoulos, Nikolaos2"]
[Result "1-0"]
[WhiteTitle "FM"]
[WhiteElo "2262"]
[BlackElo "2127"]
[WhiteTeam "HRC Korydallos"]
[BlackTeam "F.O. New Irakleion Attica 2173"]
[WhiteFideId "4204905"]
[BlackFideId "4211596"]
[EventDate "2011.07.03"]

1. d4 Nf6 2. c4 e6 3. Nc3 c5 4. d5 d6 5. e4 g6 6. f4 exd5 7. cxd5 Bg7 8. Nf3 O-O
9. Be2 Bg4 10. O-O Bxf3 11. Bxf3 Nbd7 12. g4 a6 13. g5 Ne8 14. h4 c4 15. Be3 Rc8
16. h5 Qe7 17. hxg6 hxg6 18. Qc2 Nc7 19. Rae1 b5 20. e5 dxe5 21. f5 f6 22. d6
Qxd6 23. Rd1 Qe7 24. Nd5 1-0

[Event "39th TCh-GRE"]
[Site "Eretria GRE"]
[Date "2011.07.04"]
[Round "2.5"]
[White "Noutsos, Stamoulis"]
[Black "Pappelis, Dimitrios"]
[Result "0-1"]
[WhiteElo "1771"]
[BlackElo "2025"]
[WhiteTeam "HRC Korydallos"]
[BlackTeam "F.O. New Irakleion Attica 2173"]
[WhiteFideId "4236467"]
[BlackFideId "4215281"]
[EventDate "2011.07.03"]

1. d4 g6 2. c4 Bg7 3. Nf3 d6 4. g3 Nf6 5. Bg2 O-O 6. O-O Nbd7 7. Nc3 e5 8. dxe5
dxe5 9. Qc2 c6 10. b3 Qc7 11. Bb2 Re8 12. e4 a5 13. Na4 b6 14. Rfd1 Bf8 15. a3
Nc5 16. Nxc5 Bxc5 17. Bc3 Bg4 18. h3 Bxf3 19. Bxf3 Rad8 20. b4 Bd4 21. Bxd4 exd4
22. c5 bxc5 23. bxc5 Qe5 24. Qa4 Nxe4 25. Bxe4 Qxe4 26. Qxa5 Qf3 27. Rd2 h5 28.
Rad1 d3 29. Qc3 Re2 30. Rxe2 Qxe2 31. Rd2 Qe1+ 32. Kg2 Qe4+ 33. Kh2 h4 34. Qf6
hxg3+ 35. fxg3 Rb8 36. Qf4 Qxf4 37. gxf4 Rb3 38. a4 Ra3 39. Kg3 Kg7 40. Kf3 Rxa4
41. Rxd3 Rc4 42. Rd8 Rxc5 43. Kg4 Rf5 44. Rc8 c5 45. h4 Kf6 46. Re8 Rd5 47. Rc8
Ke6 48. Rc6+ Kd7 49. Rf6 Ke7 50. Rc6 Rf5 51. Ra6 Kd7 52. Ra7+ Ke6 53. Rc7 Kd6
54. Ra7 c4 55. h5 Rxh5 56. Rxf7 Rc5 57. Rh7 c3 58. Rh1 c2 59. Rc1 Kc6 60. Kf3
Kb5 61. Ke3 Kb4 62. Kd2 Kb3 63. Rg1 Kb2 0-1

[Event "39th TCh-GRE"]
[Site "Eretria GRE"]
[Date "2011.07.04"]
[Round "2.5"]
[White "Tsakalidis, Efstratios"]
[Black "Capone, Nicola"]
[Result "0-1"]
[WhiteElo "1567"]
[BlackElo "2005"]
[WhiteTeam "F.O. New Irakleion Attica 2173"]
[BlackTeam "HRC Korydallos"]
[WhiteFideId "4243234"]
[BlackFideId "224715"]
[EventDate "2011.07.03"]

1. d4 Nf6 2. c4 c5 3. Nf3 e6 4. Nc3 cxd4 5. Nxd4 Bb4 6. Bd2 O-O 7. g3 Nc6 8.
Nxc6 bxc6 9. Bg2 Ba6 10. b3 d5 11. cxd5 exd5 12. O-O Re8 13. Re1 Qa5 14. Qc2 Qc5
15. Qc1 Ng4 16. e3 Ba3 17. Qd1 Ne5 18. Na4 Qd6 19. Bc3 Rab8 20. Bb2 Bd3 21. Bxa3
Qxa3 22. Qc1 Qd6 23. Nb2 Be4 24. Qd2 Qh6 25. Qe2 Qf6 26. f4 Nd7 27. Bxe4 Rxe4
28. Nd3 Rbe8 29. Kf2 d4 30. Kg1 dxe3 31. Qg4 Qd8 32. Rad1 Nf6 33. Qe2 Qb6 34.
Nb2 Nd5 35. Nc4 Qc7 36. Rd3 a6 37. Qf3 f6 0-1